<?xml version="1.0" encoding="UTF-8"?>
<collection xmlns="http://www.loc.gov/MARC21/slim">
 <record>
  <leader>00712pamaa2200217   4500</leader>
  <controlfield tag="001">0000047489</controlfield>
  <controlfield tag="005">20121206090000.0</controlfield>
  <controlfield tag="008">100719                             eng  </controlfield>
  <datafield tag="020" ind1="0" ind2="0">
   <subfield code="a">9780205471539 (pbk.) </subfield>
  </datafield>
  <datafield tag="090" ind1="0" ind2="0">
   <subfield code="a">H62 </subfield>
   <subfield code="b">NEU 2009</subfield>
  </datafield>
  <datafield tag="100" ind1="1" ind2="0">
   <subfield code="a">Neuman </subfield>
  </datafield>
  <datafield tag="245" ind1="1" ind2="0">
   <subfield code="a">Understanding research  </subfield>
   <subfield code="c">W. Lawrence Neuman.</subfield>
  </datafield>
  <datafield tag="260" ind1="0" ind2="0">
   <subfield code="a">Boston, MA: </subfield>
   <subfield code="b">Pearson/Allyn and Bacon, </subfield>
   <subfield code="c">2009.</subfield>
  </datafield>
  <datafield tag="300" ind1=" " ind2=" ">
   <subfield code="a">xv, 383 p.: </subfield>
   <subfield code="b">ill. (some col.); </subfield>
   <subfield code="c">28 cm.</subfield>
  </datafield>
  <datafield tag="501" ind1="0" ind2="0">
   <subfield code="a">FAS</subfield>
  </datafield>
  <datafield tag="504" ind1="0" ind2="0">
   <subfield code="a">Includes bibliographical references and indexes</subfield>
  </datafield>
  <datafield tag="650" ind1="0" ind2="0">
   <subfield code="a">Social sciences -- </subfield>
   <subfield code="x">Research </subfield>
  </datafield>
  <datafield tag="650" ind1="0" ind2="0">
   <subfield code="a">Social sciences -- </subfield>
   <subfield code="x">Methodology </subfield>
  </datafield>
  <datafield tag="650" ind1="0" ind2="0">
   <subfield code="a">Sociology -- </subfield>
   <subfield code="x">Research </subfield>
  </datafield>
  <datafield tag="650" ind1="0" ind2="0">
   <subfield code="a">Sociology -- </subfield>
   <subfield code="x">Methodology </subfield>
  </datafield>
  <datafield tag="901" ind1=" " ind2=" ">
   <subfield code="u">www.pearsonhighered.com</subfield>
  </datafield>
 </record>
</collection>
